Taylor Swift mystery lyrics #34 - Statistics

General Stats
  • This quiz has been taken 84 times
    78 since last reset
  • The average score is 100 of 183
Answer Stats
Answer % Correct
I
100%
you
95%
a
93%
my
93%
And
90%
and
90%
is
88%
the
88%
be
83%
He
83%
he
83%
on
83%
your
83%
in
82%
to
82%
I'm
80%
when
80%
You're
80%
you're
80%
are
78%
so
78%
that
78%
I'll
77%
it's
75%
It's
75%
love
75%
but
73%
like
73%
They
73%
by
72%
if
72%
If
72%
of
72%
say
72%
what
70%
as
67%
can
65%
ever
65%
for
65%
know
65%
every
60%
Every
60%
Oh
60%
oh
60%
don't
58%
at
57%
him
57%
he's
55%
never
55%
you'll
52%
day
50%
them
48%
you've
48%
should
47%
way
47%
Will
47%
get
45%
back
43%
gonna
43%
stay
43%
Stay
43%
eyes
42%
everything
38%
make
38%
told
38%
beautiful
37%
Beautiful
37%
someone
37%
Does
35%
knows
33%
looked
33%
find
32%
Hey
30%
hold
30%
home
30%
hope
30%
really
30%
into
28%
There's
28%
away
27%
door
27%
little
25%
Ask
23%
breath
23%
mind
23%
story
23%
anyone
22%
Cory
22%
gets
22%
hard
22%
jungle
22%
leads
22%
smiles
22%
taking
22%
Cory's
20%
highlight
20%
piece
20%
radio
20%
watch
20%
another
18%
corner
18%
rainy
18%
save
18%
saying
18%
walking
18%
daydream
17%
finds
17%
least
17%
girls
15%
nobody
15%
words
15%
songs
13%
whispers
13%
conversation
12%
Na
12%
na
12%
pretty
12%
window
10%
pictures
8%
No matching quizzes found
Score Distribution
Percent of People with Each Score
Percentile by Number Answered
Your Score History
You have not taken this quiz since the last reset